Central Library, Doon University
WEBOPAC (ONLINE PUBLIC ACCESS CATALOGUE)

Vergessene Konstellationen Literarischer Offentlichkeit Zwischen (1840 und 1885) (Record no. 60949)

MARC details
000 -LEADER
fixed length control field 00546nam a22001937a 4500
005 - DATE & TIME
control field 20260601114559.0
008 - FIXED-LENGTH DATA ELEMENTS--GENERAL INFORMATION
fixed length control field 260601b |||||||| |||| 00| 0 eng d
020 ## - ISBN
International Standard Book Number 9783111356082
Price 3201.65
040 ## - CATALOGING SOURCE
Original cataloging agency Doon University
041 ## - Language
Language German
082 ## - DDC NUMBER
Classification number 830.9
Book Number VER
100 ## - MAIN ENTRY--PERSONAL NAME
Personal name Mellamann, Katja (ed)
245 ## - TITLE STATEMENT
Title Vergessene Konstellationen Literarischer Offentlichkeit Zwischen (1840 und 1885)
260 ## - PUBLICATION, DISTRIBUTION, ETC. (IMPRINT)
Place of publication, distribution, etc Berlin
Name of publisher, distributor, etc De Gruyter
Date of publication, distribution, etc 2023
300 ## - PHYSICAL DESCRIPTION
Pages 455
650 ## - Subject
Subject German Language
700 ## - Added Entry Personal Name
Added Entry Personal Name Reiling, Jisko (ed)
942 ## - ADDED ENTRY ELEMENTS (KOHA)
Koha item type Books
100 ## - MAIN ENTRY--PERSONAL NAME
-- 26980
700 ## - Added Entry Personal Name
-- 26981
952 ## - LOCATION AND ITEM INFORMATION (KOHA)
-- 2026-06-01
952 ## - LOCATION AND ITEM INFORMATION (KOHA)
-- 2026-06-01
Holdings
Withdrawn status Lost status Source of classification or shelving scheme Damaged status Not for loan Location (home branch) Sublocation or collection (holding branch) Date acquired Koha full call number Accession No. Koha date last seen Koha item type Koha issues (times borrowed)
        Not For Loan Doon University Doon University 01.06.2026 830.9 VER 54117 01.06.2026 Reference  
          Doon University Doon University 01.06.2026 830.9 VER 54118 01.06.2026 Books  
Contact : +91-135-2533126 (Library),+91-135-2533105 (Admin Office) , Email : doonlibrary@gmail.com

Powered by Koha